5HLuxD.jpg

KING HENRY VIII SENIOR AND PRIMARY SCHOOL LIBRARY OPAC

Northstar (Record no. 3899)

000 -LEADER
fixed length control field 01178cam a2200349 i 4500
001 - CONTROL NUMBER
control field 17982873
003 - CONTROL NUMBER IDENTIFIER
control field OSt
005 - DATE AND TIME OF LATEST TRANSACTION
control field 20241119092056.0
008 - FIXED-LENGTH DATA ELEMENTS--GENERAL INFORMATION
fixed length control field 131227s2014 nyua 000 0 eng
010 ## - LIBRARY OF CONGRESS CONTROL NUMBER
LC control number 2013050585
020 ## - INTERNATIONAL STANDARD BOOK NUMBER
International Standard Book Number 9780134280813
040 ## - CATALOGING SOURCE
Original cataloging agency DLC
Language of cataloging eng
Transcribing agency DLC
Description conventions rda
Modifying agency DLC
-- KH8
042 ## - AUTHENTICATION CODE
Authentication code pcc
082 00 - DEWEY DECIMAL CLASSIFICATION NUMBER
Classification number 428.24 FRA
Edition number 23
100 1# - MAIN ENTRY--PERSONAL NAME
Personal name Frazier, Laurie,
Relator term author.
245 10 - TITLE STATEMENT
Title Northstar
Number of part/section of a work 2 :
Remainder of title Listening and speaking /
Statement of responsibility, etc. Authors : Laurie Frazier, Robin Mills.
246 3# - VARYING FORM OF TITLE
Title proper/short title Northstar two
246 30 - VARYING FORM OF TITLE
Title proper/short title Listening and speaking
250 ## - EDITION STATEMENT
Edition statement Fourth Edition. /
Remainder of edition statement Frazier, Laurie.
264 #1 - PRODUCTION, PUBLICATION, DISTRIBUTION, MANUFACTURE, AND COPYRIGHT NOTICE
Place of production, publication, distribution, manufacture White Plains, NY :
Name of producer, publisher, distributor, manufacturer Pearson Education,
Date of production, publication, distribution, manufacture, or copyright notice [2015]
300 ## - PHYSICAL DESCRIPTION
Extent xix, 215 pages :
Other physical details color illustrations ;
Dimensions 26 cm
336 ## - CONTENT TYPE
Content type term text
Source rdacontent
337 ## - MEDIA TYPE
Media type term unmediated
Source rdamedia
338 ## - CARRIER TYPE
Carrier type term volume
Source rdacarrier
650 #0 - SUBJECT ADDED ENTRY--TOPICAL TERM
Topical term or geographic name entry element English language
Form subdivision Textbooks for foreign speakers.
650 #0 - SUBJECT ADDED ENTRY--TOPICAL TERM
Topical term or geographic name entry element English language
General subdivision Spoken English
Form subdivision Problems, exercises, etc.
650 #0 - SUBJECT ADDED ENTRY--TOPICAL TERM
Topical term or geographic name entry element Listening
Form subdivision Problems, exercises, etc.
700 1# - ADDED ENTRY--PERSONAL NAME
Personal name Mills, Robin,
Dates associated with a name 1962-
Relator term author.
700 1# - ADDED ENTRY--PERSONAL NAME
Personal name Boyd, Frances,
Relator term series editor.
700 1# - ADDED ENTRY--PERSONAL NAME
Personal name Numrich, Carol,
Relator term series editor.
942 ## - ADDED ENTRY ELEMENTS (KOHA)
Source of classification or shelving scheme
Koha item type Teaching Resources
Holdings
Withdrawn status Lost status Source of classification or shelving scheme Damaged status Not for loan Collection code Permanent Location Current Location Shelving location Date acquired Full call number Barcode Date last seen Price effective from Koha item type
          Teaching Resources KH8 Senior School Library KH8 Senior School Library Staff Office 2024-11-19 428.24 FRA TRKHSL006179 2024-11-19 2024-11-19 Teaching Resources

Powered By KH8 IT Dept